000 01476cam a22003734a 4500
005 20260322212039.0
008 data
010 _a 2007048334
016 7 _a101322868
_2DNLM
020 _a9780415958554 (hardbound : alk. paper)
020 _a0415958555 (hardbound : alk. paper)
040 _aDNLM/DLC
_cDLC
_dDLC
042 _apcc
050 0 0 _aRC488.5
_b.L3475 2008
082 0 0 _a616.89/156
_222
096 _aWM 460.5 .E3 L3475 2008
100 1 _aLachkar, Joan.
245 1 0 _aHow to talk to a narcissist /
_cJoan Lachkar.
260 _aNew York :
_bRoutledge,
_cc2008.
300 _axx, 160 p. ;
_c24 cm.
504 _aIncludes bibliographical references (p. 147-152) and index.
505 0 _aHis Majesty the narcissist -- The pathological narcissist -- The malignant narcissist -- The antisocial narcissist -- The depressive narcissist -- The obsessive-compulsive narcissist -- The passive-aggressive : the "poor me" victim -- The narcissist the artist -- The cross-cultural narcissist -- Recapitulation and closing thoughts.
650 0 _aMarital psychotherapy.
650 0 _aNarcissists
_xFamily relationships.
650 0 _aNarcissism.
650 1 2 _aNarcissism.
650 2 2 _aCommunication.
650 2 2 _aInterpersonal Relations.
650 2 2 _aObject Attachment.
650 2 2 _aPsychoanalytic Therapy
_xmethods.
650 2 2 _aSelf Psychology.
856 4 1 _3Table of contents only
_uhttp://www.loc.gov/catdir/toc/ecip086/2007048334.html
001 data
999 _c916
_d916